The creative impulse : An Introduction to the Arts
This book chronologically introduces the arts of the Western tradition - painting and sculpture, architecture, theatre, music, dance, literature and film - within the context of the philosophy, religion, aesthetic theory, economics and politics that inform them.
Spremljeno u:
| Glavni autor: | |
|---|---|
| Format: | Knjiga |
| Jezik: | Undetermined |
| Izdano: |
New Jersey
Prentice Hall
2000
|
| Teme: | |
| Oznake: |
Dodaj oznaku
Bez oznaka, Budi prvi tko označuje ovaj zapis!
|
| Thư viện lưu trữ: | Trung tâm Học liệu Trường Đại học Cần Thơ |
|---|
| LEADER | 00834nam a2200217Ia 4500 | ||
|---|---|---|---|
| 001 | CTU_225945 | ||
| 008 | 210402s9999 xx 000 0 und d | ||
| 082 | |a 700.9 | ||
| 082 | |b S764 | ||
| 100 | |a Sporre, Dennis J | ||
| 245 | 4 | |a The creative impulse : | |
| 245 | 3 | |b An Introduction to the Arts | |
| 245 | 0 | |c Dennis J. Sporre | |
| 260 | |a New Jersey | ||
| 260 | |b Prentice Hall | ||
| 260 | |c 2000 | ||
| 520 | |a This book chronologically introduces the arts of the Western tradition - painting and sculpture, architecture, theatre, music, dance, literature and film - within the context of the philosophy, religion, aesthetic theory, economics and politics that inform them. | ||
| 650 | |a Arts,Nghệ thuật | ||
| 650 | |x History,Lịch sử | ||
| 910 | |b nthai | ||
| 980 | |a Trung tâm Học liệu Trường Đại học Cần Thơ | ||